000
00266nam a22001217a 4500
008
171124b xxu||||| |||| 00| 0 eng d
041
_a
eng
080
_a
316
100
_a
50
101
_a
SOC
245
_a
MAN CANNOT SPEAK FOR HER
_c
CAMPBELL.K,K
942
_2
udc
_c
BK
999
_c
38509
_d
38509